000 00250 a2200097 4500
001 12253
100 _aMazhar-ul-Islam
245 _aGhoron Key Shehar Main Akaila Aadmi (664 B action)
260 _a
_bSang-e-Meel Publications
_c
090 _c9487
_d9487
942 _aNUST-CAE
_cM
_c36363
999 _c247326
_d247326